アド街に出た「街」ドボンクイズ - Statistics

General Stats
  • This quiz has been taken 66 times
  • The average score is 3 of 37
Answers on the Grid
Answers color-coded by a green-red scale on the quiz's grid according to % correct below.
小伝馬町
不動前
立会川
高座渋谷
鷺沼
八潮
綾瀬
武蔵関
ときわ台
西小山
辻堂
鉾田
深大寺
栃木市
ひたちなか
高萩
五反野
鳥越
日田
鴻巣
元住吉
越生
伊東
竹原
美瑛
京急蒲田
喜多方
市川
吉川
前橋
信濃町
大久保
港南台
寒川
勝沼
大月
武蔵境
結城
四街道
上中里
霞ヶ関
御成門
宝町
瑞江
小竹向原
光が丘
千歳
釧路
青森
仙台
会津若松
佐渡島
安曇野
飛騨高山
伊勢志摩
宇治
淡路島
芦屋
出雲
香港
 
Answer Stats
Answer % Correct
八潮
21%
京急蒲田
21%
元住吉
19%
不動前
15%
立会川
15%
深大寺
15%
鷺沼
13%
綾瀬
10%
西小山
10%
小伝馬町
8%
栃木市
8%
五反野
8%
香港
8%
高座渋谷
6%
武蔵関
6%
ときわ台
6%
鳥越
6%
日田
6%
越生
6%
美瑛
6%
千歳
6%
飛騨高山
6%
淡路島
6%
ひたちなか
4%
鴻巣
4%
伊東
4%
結城
4%
安曇野
4%
伊勢志摩
4%
辻堂
2%
高萩
2%
竹原
2%
喜多方
2%
大月
2%
会津若松
2%
鉾田
0%
芦屋
0%
No matching quizzes found
Score Distribution
Percent of People with Each Score
Percentile by Number Answered
Your Score History
You have not taken this quiz